Métro parisien : Stations de la ligne 4 - Statistiques

Statistiques générales
  • Ce quiz a été pris 251 fois
  • Le résultat moyen est 21 sur 29
Statistiques - réponses
Station Correspondances % Correct
Châtelet
95%
Les Halles
93%
Gare du Nord
89%
Montparnasse - Bienvenüe
89%
Gare de l'Est
88%
Odéon
86%
Saint-Michel
84%
Porte de Clignancourt
79%
Saint-Sulpice
77%
Cité
76%
Denfert-Rochereau
76%
Saint-Placide
76%
Barbès - Rochechouart
75%
Strasbourg - Saint-Denis
75%
Château d'Eau
73%
Saint-Germain-des-Prés
73%
Raspail
72%
Réaumur - Sébastopol
70%
Vavin
68%
Bagneux - Lucie Aubrac
67%
Château Rouge
66%
Porte d'Orléans
64%
Alésia
63%
Mairie de Montrouge
63%
Barbara
62%
Étienne Marcel
62%
Marcadet - Poissonniers
61%
Mouton-Duvernet
58%
Simplon
54%
Aucun quiz correspondant
Distribution des résultats
% des personnes avec chaque résultat
Percentile par nombre de réponses
Votre historique - résultats
Vous n’avez pas pris ce quiz